Pays ayant participé à la Coupe du Monde de Rugby (Mort subite) - Statistiques

Statistiques générales
  • Ce quiz a été pris 868 fois
    194 depuis la dernière actualisation
  • Le résultat moyen est 19 sur 27
Answers on the Grid
Answers color-coded by a green-red scale on the quiz's grid according to % correct below.
Afrique du Sud
Nouvelle-Zélande
Australie
Angleterre
France
Pays de Galles
Argentine
Ecosse
Irlande
Fidji
Samoa
Japon
Canada
Italie
Tonga
Roumanie
Etats-Unis
Namibie
Géorgie
Uruguay
Zimbabwe
Russie
Portugal
Côte d'Ivoire
Espagne
Chili
Yougoslavie
Allemagne
Belgique
Maroc
Cameroun
Zambie
Madagascar
Brésil
Colombie
Mexique
Corée du Sud
Hong Kong
Jamaïque
Iles Cook
Trinité-et-Tobago
Vanuatu
Inde
Emirats Arabes Unis
Philippines
Malaisie
Serbie
Egypte
Kenya
République Tchèque
 
Statistiques - réponses
Réponse % Correct
France
82%
Italie
80%
Pays de Galles
80%
Ecosse
79%
Angleterre
78%
Argentine
78%
Japon
78%
Afrique du Sud
77%
Australie
74%
Samoa
74%
Namibie
73%
Géorgie
72%
Irlande
72%
Portugal
71%
Tonga
71%
Canada
70%
Fidji
69%
Nouvelle-Zélande
69%
Uruguay
68%
Chili
67%
Etats-Unis
67%
Roumanie
67%
Espagne
55%
Russie
54%
Zimbabwe
53%
Côte d'Ivoire
43%
Hong Kong
36%
Aucun quiz correspondant
Distribution des résultats
% des personnes avec chaque résultat
Percentile par nombre de réponses
Votre historique - résultats
Vous n’avez pas pris ce quiz depuis la dernière actualisation